00411nam a2200121Ia 4500008004100000245006500041245002300106260000900129650001100138856004800149999001900197952007300216171211s9999 xx 000 0 und d aMediated Associations: Cinematic Dimensions of Social Theory cDaniel M. O'Connor c2002 xcinema uhttp://down.ebook777.com/063/0773523979.pdf c348737d348737 001040aCLbCLd2017-12-11l0r2017-12-11 00:00:00w2017-12-11yCBE